000 00858nam a2200241Ia 4500
003 GCL
005 20240530103749.0
008 140319s9999 xx 000 0 ara d
040 _aGCL /
_cGCL
082 0 4 _a953
_bط ت
100 1 _aالطبرى، ابوجعفر محمد بن جرير،
_d839-923 م
245 1 0 _aتاريخ الطبرى :
_bتاريخ الامم والملوك /
_cالطبرى، ابى جعفر محمد بن جرير، 839-923 م
250 _aط1
260 _aالقاهرة :
_bدار المعارف ،
_c[199-]
300 _aمتعدد ؛
_c24 سم
650 0 4 _aالاسلام
650 0 4 _aالتاريخ الاسلامى
650 0 4 _aالتاريخ
650 0 4 _aالملوك والحكام
650 0 4 _aالحضارة الاسلامية
650 0 4 _a"الطبرى ؛ محمد بن جرير"
942 _2ddc
_cREF
999 _c42297
_d42297